[Event "Belleuve Chess 2012"]
[Site "Alcudia ESP"]
[Date "2012.10.21"]
[Round "9.23"]
[White "Correia, Sandra Ventura"]
[Black "Alfven, Jorgen"]
[Result "0-1"]
[WhiteElo "1797"]
[BlackElo "1846"]
[PlyCount "120"]
[EventDate "2012.10.14"]
[EventType "swiss"]
[EventRounds "9"]
[EventCountry "ESP"]
[Source "lmi"]
[SourceDate "2012.10.14"]

1. e4 c5 2. Nc3 Nc6 3. f4 g6 4. Nf3 Bg7 5. Bb5 Nd4 6. O-O a6 7. Bc4 b5 8. Bd5
Rb8 9. d3 e6 10. Bb3 Ne7 11. Nxd4 cxd4 12. Ne2 O-O 13. Qe1 d6 14. Qf2 Qb6 15.
Ng3 f5 16. exf5 Nxf5 17. Nxf5 gxf5 18. Bd2 Kh8 19. Rae1 Re8 20. Qh4 Bd7 21. Rf3
Qd8 22. Qh5 Qf6 23. Rh3 h6 24. Bb4 e5 25. fxe5 Rxe5 26. Rf1 f4 27. Qf7 Qxf7 28.
Bxf7 Bxh3 29. Bxd6 Rd8 30. Bxe5 Bxe5 31. gxh3 Kg7 32. Bb3 Kf6 33. Kf2 a5 34. a4
b4 35. Kf3 Kf5 36. Rg1 Bf6 37. Re1 Be5 38. Ke2 Re8 39. Rg1 Rd8 40. Kf3 Bf6 41.
Rg4 Bg5 42. h4 Re8 43. hxg5 Re3+ 44. Kf2 Kxg4 45. gxh6 Kg5 46. h7 Rh3 47. Bg8
Rxh2+ 48. Kf3 Rh3+ 49. Kg2 Rh4 50. Kf3 Kf6 51. Bb3 Rxh7 52. Kxf4 Re7 53. Kg4
Ke5 54. Kg5 Rg7+ 55. Kh6 Rg2 56. Kh5 Kf4 57. Kh6 Ke3 58. Kh5 Kd2 59. Kh4 Kc1
60. Kh3 Rxc2 0-1

[Event "Belleuve Chess 2012"]
[Site "Alcudia ESP"]
[Date "2012.10.21"]
[Round "9.24"]
[White "Fullana Benito, David"]
[Black "Jaume Pons, Antonio"]
[Result "0-1"]
[WhiteElo "1813"]
[BlackElo "1693"]
[PlyCount "58"]
[EventDate "2012.10.14"]
[EventType "swiss"]
[EventRounds "9"]
[EventCountry "ESP"]
[Source "lmi"]
[SourceDate "2012.10.14"]

1. d4 d5 2. c4 c6 3. Nc3 Nf6 4. Nf3 g6 5. cxd5 cxd5 6. Bf4 Bg7 7. e3 O-O 8. Bd3
Nc6 9. O-O Nb4 10. Bb1 Bd7 11. a3 Nc6 12. Ne5 Rc8 13. Ba2 Be6 14. Rc1 Nh5 15.
Nxc6 Rxc6 16. Bg5 Qd7 17. f4 Nf6 18. Bxf6 Bxf6 19. Qf3 Rd8 20. h3 Rb6 21. g4
Rxb2 22. f5 gxf5 23. gxf5 Kh8 24. Rf2 Rxf2 25. Qxf2 Rg8+ 26. Kh1 Bxf5 27. Bxd5
Bxh3 28. Bxf7 Bg2+ 29. Kh2 Qh3+ 0-1

[Event "Belleuve Chess 2012"]
[Site "Alcudia ESP"]
[Date "2012.10.21"]
[Round "9.25"]
[White "Hidalgo Maireles, Juan Carlos"]
[Black "Abrines Sampol, Lorenzo"]
[Result "1/2-1/2"]
[WhiteElo "1811"]
[BlackElo "1707"]
[PlyCount "111"]
[EventDate "2012.10.14"]
[EventType "swiss"]
[EventRounds "9"]
[EventCountry "ESP"]
[Source "lmi"]
[SourceDate "2012.10.14"]

1. d4 Nf6 2. c4 e6 3. a3 Be7 4. Nf3 d5 5. c5 c6 6. b4 Nbd7 7. e3 b5 8. a4 Ba6
9. axb5 Bxb5 10. Bxb5 cxb5 11. Nbd2 a6 12. O-O Nb8 13. Bb2 Nc6 14. Bc3 Nd7 15.
Nb3 O-O 16. Na5 Qc8 17. Qc2 Bf6 18. Ra3 Bd8 19. Nxc6 Qxc6 20. Rfa1 Bf6 21. Qa2
Nb8 22. Nd2 Re8 23. f4 Be7 24. Nb3 Bd8 25. Qc2 f5 26. Qe2 Re7 27. g4 g6 28. Kh1
Qe8 29. Nc1 Rea7 30. Nd3 Bc7 31. Ne5 Bxe5 32. fxe5 Rf7 33. R3a2 fxg4 34. Qxg4
Rf5 35. Kg2 h5 36. Qg3 Kg7 37. Rf1 Qf7 38. Raf2 Nc6 39. Rxf5 exf5 40. Ra1 Qe6
41. Be1 Ne7 42. Qf3 g5 43. Qxh5 g4 44. Qg5+ Ng6 45. Bh4 Kf7 46. Rc1 Nxh4+ 47.
Qxh4 Rc8 48. Qh7+ Ke8 49. Qb7 Rc6 50. Rf1 Qh6 51. Rf4 Qh3+ 52. Kg1 Qxe3+ 53.
Rf2 Qe1+ 54. Kg2 Qe4+ 55. Kg3 Qe3+ 56. Kg2 1/2-1/2

[Event "Belleuve Chess 2012"]
[Site "Alcudia ESP"]
[Date "2012.10.21"]
[Round "9.26"]
[White "Ramis Sebastia, Jordi Salvador"]
[Black "Romeu De La Cruz, Josep"]
[Result "1-0"]
[WhiteElo "1675"]
[BlackElo "1902"]
[PlyCount "121"]
[EventDate "2012.10.14"]
[EventType "swiss"]
[EventRounds "9"]
[EventCountry "ESP"]
[Source "lmi"]
[SourceDate "2012.10.14"]

1. d4 d6 2. e4 Nf6 3. Nc3 g6 4. g3 Bg7 5. Bg2 O-O 6. Nge2 Nbd7 7. O-O e5 8. Bg5
h6 9. Be3 c6 10. Qd2 Kh7 11. Rad1 Ng4 12. dxe5 Nxe3 13. Qxe3 dxe5 14. Rd6 Qe7
15. Rfd1 f5 16. exf5 gxf5 17. R1d2 Rf6 18. Rxf6 Nxf6 19. Nd1 Be6 20. b3 Re8 21.
Qxa7 Bd5 22. Ne3 Be6 23. Bh3 Ng4 24. Nxg4 fxg4 25. Bg2 Bf5 26. Qe3 h5 27. Qc3
Rd8 28. Rxd8 Qxd8 29. Kh1 Qd1+ 30. Ng1 Bxc2 31. Qb4 Qd4 32. Qxb7 Be4 33. Qf7
Bxg2+ 34. Kxg2 Qe4+ 35. f3 Qc2+ 36. Kh1 Qg6 37. Qxg6+ Kxg6 38. Kg2 Kf5 39. Ne2
Bf8 40. a4 Bb4 41. Nc1 gxf3+ 42. Kxf3 e4+ 43. Kg2 Bd2 44. Ne2 c5 45. h3 Kg5 46.
Kf2 h4 47. g4 Kf6 48. Ng1 Ke5 49. Ke2 Bc3 50. Kd1 Ba5 51. Ne2 Bb4 52. Kc2 Ba5
53. Nc1 Kf4 54. Ne2+ Kf3 55. Kd1 e3 56. g5 Bc7 57. g6 Be5 58. a5 Kg2 59. a6
Kxh3 60. a7 Kg4 61. a8=Q 1-0

[Event "Belleuve Chess 2012"]
[Site "Alcudia ESP"]
[Date "2012.10.21"]
[Round "9.28"]
[White "Nin Serres, Pere"]
[Black "Rodriguez Yague, Fermin"]
[Result "1/2-1/2"]
[WhiteElo "1732"]
[BlackElo "1759"]
[PlyCount "21"]
[EventDate "2012.10.14"]
[EventType "swiss"]
[EventRounds "9"]
[EventCountry "ESP"]
[Source "lmi"]
[SourceDate "2012.10.14"]

1. d4 Nf6 2. c4 g6 3. Nc3 Bg7 4. e4 d6 5. Nf3 Bg4 6. Be2 Nbd7 7. O-O e5 8. d5
O-O 9. Qc2 Qe7 10. h3 Bxf3 11. Bxf3 1/2-1/2

[Event "Belleuve Chess 2012"]
[Site "Alcudia ESP"]
[Date "2012.10.21"]
[Round "9.30"]
[White "Forcadell Escouffier, Albert"]
[Black "Sierra Bermejo, Gregorio"]
[Result "0-1"]
[WhiteElo "1554"]
[BlackElo "1647"]
[PlyCount "86"]
[EventDate "2012.10.14"]
[EventType "swiss"]
[EventRounds "9"]
[EventCountry "ESP"]
[Source "lmi"]
[SourceDate "2012.10.14"]

1. d4 d5 2. c4 dxc4 3. e4 e5 4. Nf3 exd4 5. Bxc4 Bb4+ 6. Bd2 Bxd2+ 7. Nbxd2 Nc6
8. O-O Qf6 9. Re1 Nge7 10. Nb3 Bg4 11. Nc5 Ne5 12. Be2 Bxf3 13. gxf3 O-O-O 14.
Qb3 Qb6 15. Rec1 Qxb3 16. axb3 Kb8 17. Nd3 Nxd3 18. Bxd3 Nc6 19. Ra4 Ne5 20.
Bb5 c6 21. Bf1 d3 22. f4 d2 23. Rd1 Nf3+ 24. Kg2 Ne1+ 25. Kg3 h5 26. h4 Rh6 27.
Be2 Rg6+ 28. Kh3 Rg2 29. Bxh5 Rxf2 30. e5 Rd3+ 31. Kg4 g6 32. Bxg6 fxg6 33. Kg5
Rg3+ 34. Kf6 Nd3 35. Rd4 Kc7 36. e6 Re3 37. Rd7+ Kb6 38. Rd4 Rfe2 39. Kxg6
Rxe6+ 40. Kf5 R6e3 41. h5 Rh3 42. Kg6 Rg3+ 43. Kh6 Rh3 0-1

[Event "Belleuve Chess 2012"]
[Site "Alcudia ESP"]
[Date "2012.10.21"]
[Round "9.31"]
[White "Rodriguez Bennassar, Miquel"]
[Black "Gibert Rossello, Antonio"]
[Result "1/2-1/2"]
[WhiteElo "1457"]
[BlackElo "1564"]
[PlyCount "23"]
[EventDate "2012.10.14"]
[EventType "swiss"]
[EventRounds "9"]
[EventCountry "ESP"]
[Source "lmi"]
[SourceDate "2012.10.14"]

1. d4 d6 2. g3 g6 3. Bg2 Bg7 4. c4 Nc6 5. Nf3 Nf6 6. O-O O-O 7. Nc3 Re8 8. Bg5
h6 9. Bf4 Kh7 10. h3 e6 11. Qc2 Nh5 12. Be3 1/2-1/2